000 00972nam a22002297a 4500
999 _c9820
_d9820
003 AR-CdUCM
008 190328b ||||| |||| 00| 0 spa d
040 _aMUNICIPALIDAD PROVINCIAL DEL CUSCO
_cBIBLIOTECA MUNICIPAL DEL CUSCO
082 _a985.613 / 1972 /
_bP226
100 _aPardo, Luis A.
_925736
245 _aEl imperio de Vilcabamba :
_bEl reinado de los cuatro últimos incas /
260 _aCuzco :
_c1972.
300 _a201 páginas ;
_c24 cm.
505 _aContenido: Aparición de los españoles en las costas del imperio de los incas -- Se prosigue con la conquista del Tahuantinsuyo -- Francisco Pizarro y Manco Inca marchan al Cusco -- El juramento de Yucay...
650 _aEpoca Prehispánica
_92714
650 _aDescubrimiento y Conquista
_92362
650 _aHistoria de la conquista
_91282
700 _aBarra, Felipe de la (prólogo general)
_926279
700 _aYepe Miranda, Alfredo (colofón)
_926280
942 _2ddc
_cLIBROS
945 _adavv